[Event "GRE-chT 51st"]
[Site "Trikala"]
[Date "2024.07.07"]
[Round "4.9"]
[White "Gerasopoulos, Nikolaos"]
[Black "Hartofylakas, Spyros"]
[Result "0-1"]
[WhiteElo "1772"]
[BlackElo "2133"]
[PlyCount "76"]
[EventDate "2024.07.04"]
[EventType "team-swiss"]
[EventRounds "7"]
[EventCountry "GRE"]
[SourceTitle "CBM 221 Extra"]
[Source "ChessBase"]
[SourceDate "2024.09.30"]
[SourceVersion "1"]
[SourceVersionDate "2024.09.30"]
[SourceQuality "1"]
[WhiteTeam "Thessaloniki ES"]
[BlackTeam "Trikalon Skaki"]
[WhiteTeamCountry "GRE"]
[BlackTeamCountry "GRE"]

1. e4 c5 2. Nf3 Nc6 3. c3 e5 4. d4 cxd4 5. cxd4 exd4 6. Nxd4 Nf6 7. Nxc6 bxc6 8. Bd3 d5 9. exd5 Nxd5 10. 0-0 Be6 11. Nc3 Be7 12. Nxd5 Bxd5 13. Qc2 h6 14. Re1 0-0 15. Bd2 Bf6 16. Rad1 Qb6 17. b4 Bd4 18. Re2 Rfe8 19. Rde1 Rxe2 20. Rxe2 Rd8 21. a3 c5 22. Bc4 Bxc4 23. Qxc4 cxb4 24. axb4 Qf6 25. h3 Bb6 26. Qe4 Qd4 27. Qf3 Qd5 28. Qg4 Qd7 29. Qe4 Qd5 30. Qf4 Rd6 31. Bc3 Rg6 32. g3 Kh7 33. Kh2 Rc6 34. Bb2 Rc4 35. Qb8 Bd4 36. b5 Bxb2 37. Rxb2 Rc1 38. f3 Qd1 0-1

[Event "Thessaloniki Aris CC Summer op 1st"]
[Site "Thessaloniki"]
[Date "2023.06.17"]
[Round "3"]
[White "Fregidis, Nikolaos"]
[Black "Gerasopoulos, Nikolaos"]
[Result "0-1"]
[WhiteElo "1459"]
[BlackElo "1550"]
[PlyCount "66"]
[EventDate "2023.06.16"]
[EventType "swiss"]
[EventRounds "7"]
[EventCountry "GRE"]
[SourceTitle "EXT 2024"]
[Source "ChessBase"]
[SourceDate "2023.10.10"]
[SourceVersion "1"]
[SourceVersionDate "2023.10.10"]
[SourceQuality "1"]

1. d4 c5 2. c3 g6 3. Nf3 Bg7 4. Bf4 Nf6 5. e3 0-0 6. Be2 d6 7. 0-0 Nbd7 8. Nbd2 a6 9. a4 Rb8 10. Qc2 b5 11. axb5 axb5 12. Rfd1 Qc7 13. h3 b4 14. c4 Bb7 15. Ra7 Qb6 16. Rda1 Ra8 17. Rxa8 Rxa8 18. Rxa8+ Bxa8 19. d5 Qa6 20. b3 Nxd5 21. Bg5 Nc3 22. Bd3 e6 23. Ne4 Ne5 24. Nxe5 Bxe5 25. Nxc3 Bxc3 26. Be4 d5 27. cxd5 Bxd5 28. Bxd5 exd5 29. Be7 Qc6 30. Qa2 c4 31. Qa5 f5 32. bxc4 dxc4 33. Qd8+ Kf7 0-1

[Event "GRE-chT U16 14th"]
[Site "Rio Achaia"]
[Date "2022.12.16"]
[Round "2"]
[White "Papaioannou, Dimitrios1"]
[Black "Gerasopoulos, Nikolaos"]
[Result "1-0"]
[WhiteElo "2181"]
[BlackElo "1547"]
[PlyCount "81"]
[EventDate "2022.12.15"]
[EventType "team-swiss"]
[EventRounds "6"]
[EventCountry "GRE"]
[SourceTitle "EXT 2024"]
[Source "ChessBase"]
[SourceDate "2023.10.10"]
[SourceVersion "1"]
[SourceVersionDate "2023.10.10"]
[SourceQuality "1"]

1. e4 e6 2. d4 d5 3. Nc3 Bb4 4. e5 Ne7 5. Bd2 c5 6. Nb5 Bxd2+ 7. Qxd2 0-0 8. f4 cxd4 9. Nf3 Nbc6 10. Bd3 f6 11. exf6 Rxf6 12. 0-0-0 a6 13. Nbxd4 Nxd4 14. Nxd4 Qd6 15. Rhe1 Nc6 16. Nxc6 bxc6 17. Re5 c5 18. c4 d4 19. g3 Qb6 20. Qc2 h6 21. Qa4 Rb8 22. Qa3 Qb7 23. Be4 Qb6 24. Rxc5 Bb7 25. Bd3 Rd8 26. Qa5 Qd6 27. Re1 Rd7 28. h4 Rff7 29. a3 Rc7 30. Rxc7 Rxc7 31. Qe5 Qxe5 32. Rxe5 Kf7 33. Kd2 Ke7 34. Be2 g6 35. Kd3 Rd7 36. Bg4 Rd6 37. c5 Rd8 38. Rxe6+ Kf7 39. Rb6 Bd5 40. Rd6 Rxd6 41. cxd6 1-0

[Event "EU-chT U18"]
[Site "Thessaloniki"]
[Date "2022.07.17"]
[Round "6.9"]
[White "Gerasopoulos, Nikolaos"]
[Black "Tagkaloglou, Savvas Stefanos"]
[Result "0-1"]
[WhiteElo "1526"]
[BlackElo "1724"]
[PlyCount "98"]
[EventDate "2022.07.12"]
[EventType "team-swiss"]
[EventRounds "7"]
[EventCountry "GRE"]
[SourceTitle "CBM 209 Extra"]
[Source "ChessBase"]
[SourceDate "2022.09.30"]
[SourceVersion "1"]
[SourceVersionDate "2022.09.30"]
[SourceQuality "1"]
[WhiteTeam "Greece Esth U18"]
[BlackTeam "Greece Galaxias U18"]
[WhiteTeamCountry "GRE"]
[BlackTeamCountry "GRE"]

1. e4 e6 2. d4 d5 3. e5 c5 4. c3 Nc6 5. Nf3 Qb6 6. Bd3 Bd7 7. Bc2 cxd4 8. cxd4 Nb4 9. 0-0 Nxc2 10. Qxc2 Rc8 11. Nc3 Ne7 12. Be3 Nf5 13. Qd2 Bb4 14. Rac1 0-0 15. a3 Bxc3 16. Rxc3 Rxc3 17. Qxc3 Rc8 18. Qd2 Bb5 19. Rc1 Bc4 20. Rc3 Rc6 21. Bg5 h6 22. Bf4 Qd8 23. g4 Ne7 24. Bxh6 gxh6 25. Qxh6 Qf8 26. Qg5+ Ng6 27. Nh4 Qe7 28. Qxe7 Nxe7 29. f4 Ba6 30. f5 Rxc3 31. bxc3 exf5 32. gxf5 f6 33. exf6 Nc6 34. Ng6 Kf7 35. Nf4 Bc4 36. Nh5 Bd3 37. Nf4 Be4 38. Kf2 Kxf6 39. Ke3 Kxf5 40. Ne2 Kg4 41. c4 Na5 42. cxd5 Bxd5 43. Nc3 Bc6 44. d5 Bd7 45. Kd4 Kf5 46. h4 Nb3+ 47. Kc4 Nd2+ 48. Kc5 Ke5 49. h5 b6+ 0-1

[Event "EU-chT U18"]
[Site "Thessaloniki"]
[Date "2022.07.15"]
[Round "4.9"]
[White "Zlatkov, Anton"]
[Black "Gerasopoulos, Nikolaos"]
[Result "1-0"]
[WhiteElo "2149"]
[BlackElo "1526"]
[PlyCount "47"]
[EventDate "2022.07.12"]
[EventType "team-swiss"]
[EventRounds "7"]
[EventCountry "GRE"]
[SourceTitle "CBM 209 Extra"]
[Source "ChessBase"]
[SourceDate "2022.09.30"]
[SourceVersion "1"]
[SourceVersionDate "2022.09.30"]
[SourceQuality "1"]
[WhiteTeam "Macedonia U18"]
[BlackTeam "Greece Esth U18"]
[WhiteTeamCountry "MKD"]
[BlackTeamCountry "GRE"]

1. e4 e6 2. d4 d5 3. Nd2 dxe4 4. Nxe4 Nd7 5. Nf3 Ngf6 6. Nxf6+ Nxf6 7. Bd3 Be7 8. c3 0-0 9. Qe2 b6 10. Bf4 Bb7 11. 0-0-0 Qc8 12. h4 c5 13. Be5 Qc6 14. Bc2 Ne4 15. Ng5 f5 16. Qh5 Nxg5 17. hxg5 Qxg2 18. Qxh7+ Kf7 19. Qxg7+ Ke8 20. Ba4+ Bc6 21. Bxc6+ Qxc6 22. Rh7 Bd6 23. Bxd6 Qxd6 24. Qg6+ 1-0

[Event "EU-chT U18"]
[Site "Thessaloniki"]
[Date "2022.07.14"]
[Round "3.8"]
[White "Gerasopoulos, Nikolaos"]
[Black "Hulka, Valentyn"]
[Result "0-1"]
[WhiteElo "1526"]
[BlackElo "2123"]
[PlyCount "60"]
[EventDate "2022.07.12"]
[EventType "team-swiss"]
[EventRounds "7"]
[EventCountry "GRE"]
[SourceTitle "CBM 209 Extra"]
[Source "ChessBase"]
[SourceDate "2022.09.30"]
[SourceVersion "1"]
[SourceVersionDate "2022.09.30"]
[SourceQuality "1"]
[WhiteTeam "Greece Esth U18"]
[BlackTeam "Ukraine U18"]
[WhiteTeamCountry "GRE"]
[BlackTeamCountry "UKR"]

1. e4 c5 2. Nf3 d6 3. c3 Nf6 4. Be2 Nbd7 5. Qc2 Qc7 6. 0-0 a6 7. d4 cxd4 8. Nxd4 e5 9. Nb3 Be7 10. Be3 d5 11. exd5 Nxd5 12. Qd2 Nxe3 13. Qxe3 0-0 14. N1d2 Nc5 15. Bc4 Bf5 16. Nf3 e4 17. Nfd4 Bg6 18. Nxc5 Bxc5 19. Rfd1 Bd6 20. Bb3 Bxh2+ 21. Kh1 Bf4 22. Qe2 Rfe8 23. Qg4 Re5 24. Re1 Rg5 25. Qe2 Rh5+ 26. Kg1 Bh2+ 27. Kf1 Be5 28. Qc4 Qd7 29. f3 exf3 30. Nxf3 Bd3+ 0-1